MARC

LEADER 00000nam0a2200000 4500
001 154586
005 20231101221758.0
010 |a 0824754611 
035 |a (RuTPU)RU\TPU\book\167679 
090 |a 154586 
100 |a 20090302d2006 k y0engy50 ba 
101 0 |a eng 
102 |a GB 
105 |a a z 001zy 
200 1 |a DNA Microarrays and Related Genomics Techniques. Design, Analysis, and Interpretation of Experiments  |f edited by D. B. Allison, G. P. Page, T. M. Beasley, J. W. Edwards 
210 |a London  |c Chapman & Hall  |d 2006 
215 |a 371 p.  |c il. 
225 1 |a Biostatistics: A Series of References and Textbooks 
320 |a References at the end of chapters. 
606 1 |a Генетика математическая  |2 stltpush  |3 (RuTPU)RU\TPU\subj\5875  |9 33863 
610 1 |a биология 
610 1 |a генетика 
610 1 |a математические методы 
610 1 |a ДНК 
610 1 |a моделирование 
610 1 |a проектирование 
610 1 |a эксперименты 
610 1 |a английский язык 
675 |a 575  |v 3 
702 1 |a Allison  |b D. B.  |g David B.  |4 340 
702 1 |a Page  |b G. P.  |g Grier P.  |4 340 
702 1 |a Beasley  |b T. M.  |g T. Mark  |4 340 
702 1 |a Edwards  |b J. W.  |g Jode W.  |4 340 
801 1 |a RU  |b 63413507  |c 20090302  |g PSBO 
801 2 |a RU  |b 63413507  |c 20090310  |g PSBO 
942 |c BK